000 00546nam a2200193Ia 4500
003 GCL
008 140319s9999 xx 000 0 ara d
040 _aGCL /
_cGCL
082 0 4 _a813.1
_bف ح
100 1 _aفوزية الدريع
245 1 0 _aالحب فى زمن الاحتلال /
_cفوزية الدريع
260 _a[S.N] :
_bدار سعاد الصباح ،
_c1992
300 _a3160 ص
490 _a
650 0 4 _aالقصص العربية
650 0 4 _aالقصص القصيرة
650 0 4 _aالكويت
942 _2ddc
_cBK
999 _c55923
_d55923